000 00544nam a22002177a 4500
003 UA-OsUOA
001 51595
007 ta
008 20080116b un ||||| |||| 00| 0 ukr d
100 _aКовальчук С. Ф.
090 _a92
_bК-56
942 _cSA
040 _aUA-OsUOA
_bukr
_cUA-OsUOA
_dUA-OsUOA
245 _aТрагічні сторінки історії.
300 _aС.15
955 _a0
041 _aukr
080 _a92
773 0 _w51593
650 7 _a9 Географія. Біографії. Історія
_2UDC
999 _c337617
_d337617